000
00192nam a22000857a 4500
001
1243582
005
20251107111710.0
245
_a
SUNA"SERÇELERİ
_c
GÜLTEN DAYIOĞLU
260
_b
ALTIN KİTAPLAR
999
_c
1243582
_d
1243582